000
00350nam a2200133Ia 4500
008
231129s9999||||xx |||||||||||||| ||spa||
020
_a
958-28-0148-4 (Colec
040
_b
spa
082
_a
E863.44 B467ba
100
_a
Benítez J.J
245
0
_a
Caballo de troya
264
_a
Circulo de Lectores
942
_2
ddc
_c
BKS
999
_c
6404
_d
6404